000 00944nam a22001937a 4500
001 85860
005 20260430102335.0
008 260430s2017 sp ||||| |||| 00| 0 spa d
040 _aM-RABA
_bspa
_cM-RABA
245 0 0 _aCaminito a Samaín
_b: Dossier de actividades pedagógicas
_c/ Departamento de Inglés. I. E. S. La Caleta Cádiz
260 _a[Cádiz]
_b: I. E. S. La Caleta
_c, [2017]
300 _a37 p.
_b: il. col.
_c; 30 cm
500 0 0 _aEn cub.: El séptimo clip de Producciones Juan d'Ors. DIBUJOS de Alfredo Ugarte Urumo. MUSICA de Juan d'Ors. ACTIVIDADES PEDAGÓGICAS Academia Municipal de Dibujo y Pintura de Irún y Departamento de Inglés del I. E. S. La Caleta de Cádiz.
500 0 0 _aProgramación de actividades del departamento de inglés para la actividad cultural de Halloween. Curso 2017-201
597 _aEncuadernado en espiral.
650 0 _aArte-
_xEducación
_9101835
852 _jF-16127
942 _cFONDOMODER
_n0
999 _c85860
_d85860